000 00482nam a2200157 i 4500
001 147069
003 ES-MaACL
005 20230906201804.0
007 t|
008 070921q1969 sp ||||1| spa d
245 0 0 _aTurismo.
260 _a[Madrid] :
_bComisaría del Plan de Desarrollo Ecónomico y Social,
_c(s.a.: 1969?
300 _a98 p. ;
_c30 cm.
710 0 0 _aEspaña.
_bComisaría del Plan de Desarrollo Económico y Social.
_93631
852 _aES-MaACL
_jC-41473
_bR.72889
999 _c147069
_d147069